Music Quiz

Random Music or Clickable Quiz
Score 0/20 Timer 03:00
0 Plays Today
% Correct
Nirvana
100%
Wu-Tang Clan
100%
Snoop Dogg
98.5%
Smashing Pumpkins
95.4%
U2
93.8%
Pearl Jam
89.2%
Counting Crows
87.7%
Radiohead
83.1%
Liz Phair
75.4%
Tool
75.4%
% Correct
Depeche Mode
72.3%
Blur
69.2%
Björk
66.2%
The Breeders
66.2%
PJ Harvey
63.1%
Mazzy Star
60%
A Tribe Called Quest
56.9%
The Afghan Whigs
41.5%
Yo La Tengo
30.8%
Slowdrive
27.7%

You're not logged in!

Compare scores with friends on all Sporcle quizzes.
OR
Log In

Sporcle TV

Today on Sporcle TV


Watch our educational content, quiz creation guides, and fun videos on Sporcle TV.

Show Comments

Extras

Top Quizzes Today


Score Distribution

Paid Content

Your Account Isn't Verified!

In order to create a playlist on Sporcle, you need to verify the email address you used during registration. Go to your Sporcle Settings to finish the process.

Report this User

Report this user for behavior that violates our Community Guidelines.

Details: